LIBRARY & INFORMATION CENTRE, KCAET, TAVANUR

ONLINE PUBLIC ACCESS CATALOGUE (OPAC)

Design Development and testing of a power operated paddy hill seeder (Record no. 15728)

MARC details
000 -LEADER
fixed length control field 00388nam a22001337a 4500
003 - CONTROL NUMBER IDENTIFIER
control field OSt
082 ## - DEWEY DECIMAL CLASSIFICATION NUMBER
Classification number 631.3
Item number BAN/D
088 ## - REPORT NUMBER
Report number T 458
100 ## - MAIN ENTRY--AUTHOR NAME
Personal name Bandi Nageswar
245 ## - TITLE STATEMENT
Title Design Development and testing of a power operated paddy hill seeder
260 ## - PUBLICATION, DISTRIBUTION, ETC. (IMPRINT)
Place of publication Tavanur
Name of publisher Department of Farm Machinery and Power Engineering
Year of publication 2019
700 ## - ADDED ENTRY--PERSONAL NAME
Personal name Manoj Mathew (Guide)
942 ## - ADDED ENTRY ELEMENTS (KOHA)
Koha item type Theses
Holdings
Collection code Home library Current library Shelving location Full call number Accession Number Koha item type Public note
Reference KAUAET KAUAET Reference 631.3 BAN/D T 458 Theses M.Tech Thesis
free website counter